[Event "39th TCh-GRE"]
[Site "Eretria GRE"]
[Date "2011.07.04"]
[Round "3.1"]
[White "Kryvoruchko, Yuriy"]
[Black "Mastrovasilis, Dimitrios"]
[Result "1/2-1/2"]
[WhiteTitle "GM"]
[BlackTitle "GM"]
[WhiteElo "2652"]
[BlackElo "2604"]
[WhiteTeam "Chania Chess Academy"]
[BlackTeam "ES Thessaloniki"]
[WhiteFideId "14109182"]
[BlackFideId "4202694"]
[EventDate "2011.07.03"]

1. e4 e5 2. Nf3 Nc6 3. Bb5 Nf6 4. d3 Bc5 5. Bxc6 dxc6 6. h3 Nd7 7. O-O O-O 8.
Be3 Bd6 9. Nbd2 Re8 10. Nc4 Nb6 11. Na5 Qe7 12. a3 Nd7 13. b4 c5 14. c3 Nf8 15.
Nc4 Ng6 16. Nfd2 Be6 17. Nb3 Bxc4 18. dxc4 Rad8 19. Qg4 b6 20. bxc5 Bxc5 21.
Nxc5 bxc5 22. Rfd1 c6 23. Rxd8 Rxd8 24. Rd1 Nf8 25. Rxd8 Qxd8 26. Qf5 Nd7 27. g3
Qe7 28. Qg4 Qd6 29. Bh6 g6 30. h4 f6 31. h5 Kf7 1/2-1/2

[Event "39th TCh-GRE"]
[Site "Eretria GRE"]
[Date "2011.07.04"]
[Round "3.1"]
[White "Sedlak, Nikola"]
[Black "Tsarouhas, Konstantinos"]
[Result "1/2-1/2"]
[WhiteTitle "GM"]
[WhiteElo "2580"]
[BlackElo "2207"]
[WhiteTeam "ES Thessaloniki"]
[BlackTeam "Chania Chess Academy"]
[WhiteFideId "922900"]
[BlackFideId "4201094"]
[EventDate "2011.07.03"]

1. e4 c5 2. Nf3 e6 3. d4 cxd4 4. Nxd4 Nf6 5. Nc3 d6 6. Be3 a6 7. g4 b5 8. g5
Nfd7 9. a3 Bb7 10. h4 Nc6 11. h5 Nxd4 12. Qxd4 Ne5 13. O-O-O Nf3 14. Qd3 Rc8 15.
Bf4 Nxg5 16. Rg1 h6 17. Bd2 Qc7 18. Kb1 Qc4 19. Qxc4 bxc4 20. Bxg5 hxg5 21. Rxg5
Be7 22. Rxg7 Kf8 23. Rg3 Rxh5 24. Be2 Rh2 25. Rf3 Rc5 26. Rd4 Bh4 27. Rxd6 Rxf2
28. Rxf2 Bxf2 29. Rd8+ Ke7 30. Rb8 Bc6 1/2-1/2

[Event "39th TCh-GRE"]
[Site "Eretria GRE"]
[Date "2011.07.04"]
[Round "3.1"]
[White "Kalaitzoglou, Panayotis"]
[Black "Malikentzos, Sotirios"]
[Result "0-1"]
[BlackTitle "FM"]
[WhiteElo "2197"]
[BlackElo "2314"]
[WhiteTeam "Chania Chess Academy"]
[BlackTeam "ES Thessaloniki"]
[WhiteFideId "4202422"]
[BlackFideId "4215079"]
[EventDate "2011.07.03"]

1. e4 c6 2. d4 d5 3. Nc3 dxe4 4. Nxe4 Bf5 5. Ng3 Bg6 6. h4 h6 7. Nf3 Nd7 8. h5
Bh7 9. Bd3 Bxd3 10. Qxd3 e6 11. Bf4 Ngf6 12. O-O-O Nd5 13. Bd2 Nb4 14. Qe4 Nf6
15. Qe1 a5 16. a3 Nbd5 17. Ne5 Be7 18. f4 O-O 19. f5 Nc7 20. fxe6 Nxe6 21. Nf5
Bd6 22. Qg3 Bxe5 23. dxe5 Ne4 24. Nxh6+ Kh7 25. Qg4 Nxd2 26. Nxf7 Rxf7 27. Qg6+
Kg8 28. Qxe6 Qe8 29. Qg4 Qxe5 30. Rxd2 Raf8 31. Kb1 Rf4 32. Qg6 R4f6 33. Qd3 Qe6
34. Rdd1 b5 35. Rde1 Qg4 36. h6 gxh6 37. Re7 Qg6 38. Qb3+ Kh8 39. Qc3 Kg8 40.
Rh3 b4 41. Qb3+ Kh8 42. Rg3 a4 43. Rxg6 axb3 44. Rxf6 bxc2+ 45. Kxc2 Rxf6 46.
axb4 Rf2+ 47. Kc3 Rxg2 48. Re6 Rg3+ 49. Kc4 Kg7 50. Rxc6 Rg4+ 51. Kc5 Rg2 52. b5
Rxb2 53. b6 h5 54. Rc7+ Kg6 55. b7 Rc2+ 56. Kb6 Rb2+ 57. Kc6 Rc2+ 58. Kd7 Rb2
59. Kc8 Kg5 60. b8=Q 0-1

[Event "39th TCh-GRE"]
[Site "Eretria GRE"]
[Date "2011.07.04"]
[Round "3.1"]
[White "Zawadzka, Jolanta"]
[Black "Videnova, Iva"]
[Result "0-1"]
[WhiteTitle "WGM"]
[BlackTitle "WGM"]
[WhiteElo "2405"]
[BlackElo "2353"]
[WhiteTeam "ES Thessaloniki"]
[BlackTeam "Chania Chess Academy"]
[WhiteFideId "1122320"]
[BlackFideId "2907763"]
[EventDate "2011.07.03"]

1. e4 c5 2. Nf3 d6 3. d4 cxd4 4. Nxd4 Nf6 5. Nc3 g6 6. Be3 Bg7 7. f3 Nc6 8. Qd2
O-O 9. Bc4 Bd7 10. O-O-O Rb8 11. Bb3 Na5 12. g4 b5 13. Kb1 Nc4 14. Bxc4 bxc4 15.
h4 Qb6 16. b3 Qc7 17. h5 Rfc8 18. Nd5 Nxd5 19. exd5 cxb3 20. axb3 Qc3 21. hxg6
hxg6 22. Qxc3 Rxc3 23. Rhe1 Bf6 24. Re2 a5 25. Bf2 a4 26. Be1 Rc5 27. g5 Bxg5
28. b4 Bf6 29. Nc6 Bxc6 30. dxc6 Rxc6 31. Rd5 Bc3 32. Bxc3 Rxc3 33. Kb2 Rxf3 34.
c3 Rc8 35. Rc2 Ra8 36. Ka3 Rf5 37. Rxf5 gxf5 38. b5 Kf8 39. Rh2 Kg7 40. b6 f4
41. Kb4 a3 42. Rg2+ Kf6 43. Ra2 e5 44. Kb5 e4 45. Kc6 e3 46. b7 Rb8 47. Re2 Ke5
48. Kc7 Rxb7+ 49. Kxb7 Ke4 0-1

[Event "39th TCh-GRE"]
[Site "Eretria GRE"]
[Date "2011.07.04"]
[Round "3.1"]
[White "Tsarouha, Marianthi"]
[Black "Papathanasiou, Ageliki"]
[Result "0-1"]
[WhiteElo "1799"]
[BlackElo "1817"]
[WhiteTeam "Chania Chess Academy"]
[BlackTeam "ES Thessaloniki"]
[WhiteFideId "4223322"]
[BlackFideId "4224728"]
[EventDate "2011.07.03"]

1. d4 Nf6 2. c4 e6 3. g3 Bb4+ 4. Nc3 O-O 5. Bg2 d5 6. Nf3 c6 7. O-O Nbd7 8. cxd5
exd5 9. a3 Be7 10. Re1 Re8 11. b4 a5 12. b5 c5 13. e3 Nb6 14. Ne5 Bd6 15. f4 Be6
16. Na4 Nxa4 17. Qxa4 Nd7 18. Nxd7 Qxd7 19. Bb2 c4 20. Bc3 Bf5 21. Bxd5 Bxf4 22.
Bxf7+ Qxf7 23. exf4 Qd5 24. b6 Bd7 25. Qc2 Bc6 26. Re2 Qh1+ 27. Kf2 Qxh2+ 28.
Kf1 Qh1+ 29. Kf2 Qg2+ 30. Ke1 Rxe2+ 31. Qxe2 Re8 0-1

[Event "39th TCh-GRE"]
[Site "Eretria GRE"]
[Date "2011.07.04"]
[Round "3.1"]
[White "Pasoglou, Ekaterini"]
[Black "Agnanti, Danai"]
[Result "1-0"]
[WhiteElo "1483"]
[BlackElo "1741"]
[WhiteTeam "ES Thessaloniki"]
[BlackTeam "Chania Chess Academy"]
[WhiteFideId "4247663"]
[BlackFideId "4231147"]
[EventDate "2011.07.03"]

1. e4 c5 2. Nc3 e6 3. f4 Nc6 4. Nf3 d6 5. Bb5 a6 6. Bxc6+ bxc6 7. O-O Nf6 8. d3
Be7 9. Qe1 Qc7 10. Qg3 O-O 11. Nh4 d5 12. e5 Nd7 13. Bd2 Rb8 14. b3 a5 15. Rae1
Qd8 16. Nf3 f5 17. exf6 Rxf6 18. Ne5 Nxe5 19. fxe5 Rg6 20. Qf3 Qf8 21. Qxf8+
Bxf8 22. Na4 c4 23. dxc4 Bb4 24. Bxb4 axb4 25. Rf4 Ba6 26. cxd5 cxd5 27. Nc5 Ra8
28. Rxb4 Bc8 29. a4 Ra5 30. Nd3 Kf7 31. Rf1+ Ke7 32. Rb8 Bd7 33. Rbf8 Be8 34.
Rh8 h6 35. Rff8 Bd7 36. Ra8 Rxa8 37. Rxa8 Rg4 38. a5 Bb5 39. Nc5 Rf4 40. Ra7+
Ke8 41. g3 Rf1+ 42. Kg2 g6 43. Nxe6 Be2 44. Nd4 1-0

[Event "39th TCh-GRE"]
[Site "Eretria GRE"]
[Date "2011.07.04"]
[Round "3.1"]
[White "Papadogiannis, Sevastianos"]
[Black "Ballas, Kleon-Evangelos"]
[Result "1-0"]
[WhiteElo "1995"]
[BlackElo "1937"]
[WhiteTeam "Chania Chess Academy"]
[BlackTeam "ES Thessaloniki"]
[WhiteFideId "4239369"]
[BlackFideId "4215311"]
[EventDate "2011.07.03"]

1. c4 e5 2. g3 Nf6 3. Bg2 d5 4. cxd5 Nxd5 5. Nc3 Nb6 6. Nf3 Nc6 7. O-O Be7 8. a3
a5 9. Rb1 a4 10. d3 Be6 11. Be3 Bb3 12. Qc1 Nd5 13. Ne4 Nxe3 14. Qxe3 O-O 15.
Ned2 Ra5 16. Nxb3 axb3 17. Rfd1 Bf6 18. Qe4 Rb5 19. Qc4 Rb6 20. e3 Qd7 21. Nd2
Na5 22. Qc3 Ra8 23. Rbc1 e4 24. Qxc7 Qxc7 25. Rxc7 Bxb2 26. Nb1 Rc6 27. Rxc6
Nxc6 28. Bxe4 Ra5 29. d4 Bxa3 30. Rd3 Rb5 31. Nxa3 b2 32. Rc3 1-0

[Event "39th TCh-GRE"]
[Site "Eretria GRE"]
[Date "2011.07.04"]
[Round "3.1"]
[White "Ballas, Athanasios-panagiotis"]
[Black "Papadopoulos, Argirios"]
[Result "1-0"]
[WhiteElo "1753"]
[BlackElo "1745"]
[WhiteTeam "ES Thessaloniki"]
[BlackTeam "Chania Chess Academy"]
[WhiteFideId "4224078"]
[BlackFideId "4241509"]
[EventDate "2011.07.03"]

1. e4 c5 2. Nf3 e6 3. d4 cxd4 4. Nxd4 a6 5. Nc3 Qc7 6. Bd3 Nf6 7. Qe2 Nc6 8.
Nxc6 bxc6 9. O-O d6 10. b3 Be7 11. Bb2 O-O 12. Na4 d5 13. c4 dxe4 14. Bxe4 Nxe4
15. Qxe4 f6 16. Rad1 e5 17. f4 exf4 18. Qxf4 Qxf4 19. Rxf4 Ra7 20. Bd4 Rd7 21.
Re1 Kf7 22. Rfe4 Bb4 23. Bc3 Bxc3 24. Nxc3 Rc7 25. Kf2 Rd8 26. c5 Rd2+ 27. R1e2
Rxe2+ 28. Kxe2 Re7 29. Rxe7+ Kxe7 30. Kd3 Bf5+ 31. Kd4 Ke6 32. b4 Bc2 33. a4 g6
34. b5 cxb5 35. axb5 axb5 36. Nxb5 Bb3 37. c6 Ba4 38. Kc5 f5 39. Kb6 g5 40. c7 1-0

[Event "39th TCh-GRE"]
[Site "Eretria GRE"]
[Date "2011.07.04"]
[Round "3.2"]
[White "Banikas, Hristos"]
[Black "Georgiadis, Ioannis"]
[Result "1-0"]
[WhiteTitle "GM"]
[BlackTitle "IM"]
[WhiteElo "2593"]
[BlackElo "2464"]
[WhiteTeam "SS Peristeri"]
[BlackTeam "E.O.A.O. Fysiolatris Nikaia"]
[WhiteFideId "4202031"]
[BlackFideId "4208900"]
[EventDate "2011.07.03"]

1. Nf3 Nf6 2. c4 e6 3. Nc3 b6 4. g3 Bb7 5. Bg2 Be7 6. O-O O-O 7. Re1 d5 8. cxd5
exd5 9. d4 Na6 10. Bf4 c5 11. Rc1 Ne4 12. dxc5 Naxc5 13. Be5 Re8 14. Qc2 Bf6 15.
Bd4 Rc8 16. e3 Ne6 17. Qd3 Nxd4 18. Nxd4 a6 19. Red1 Nxc3 20. Rxc3 Rxc3 21. Qxc3
g6 22. Rc1 Be5 23. h4 Re7 24. Qd2 Rc7 25. Rxc7 Qxc7 26. Ne2 Qc5 27. Nc3 Bxc3 28.
Qxc3 Qxc3 29. bxc3 b5 30. Kf1 f6 31. Ke2 Kf7 32. Kd3 Ke6 33. Kd4 Kd6 34. Bh3 h6
35. a3 Bc6 36. Bc8 a5 37. Bh3 Bb7 38. Bf1 Bc6 39. Bd3 g5 40. Bg6 gxh4 41. gxh4
Bd7 42. Bf7 Bc6 43. f4 Bb7 44. Be8 Bc6 45. Bf7 Bb7 46. Be8 Bc6 47. Bxc6 Kxc6 48.
e4 dxe4 49. Kxe4 Kc5 50. Kf5 Kc4 51. Kxf6 Kxc3 52. f5 b4 53. axb4 axb4 54. Kg7
b3 55. f6 b2 56. f7 b1=Q 57. f8=Q Qg1+ 58. Kh7 Qd4 59. h5 Qe4+ 60. Kxh6 Kb3 61.
Qf6 Ka3 62. Qa6+ Kb3 63. Qg6 Qe7 64. Qg5 Qf7 65. Qg7 Qf5 66. Qg6 Qe5 67. Kh7 Ka3
68. h6 Qe7+ 69. Kg8 Qd8+ 70. Kg7 Qe7+ 71. Qf7 Qg5+ 72. Kh7 Ka4 73. Qc4+ Ka3 74.
Qe4 Qf6 75. Qe3+ Ka4 76. Kg8 Qg6+ 77. Kf8 Qf6+ 78. Ke8 Qg6+ 79. Ke7 Qh7+ 80. Kf6
Kb4 81. Qe7+ 1-0

[Event "39th TCh-GRE"]
[Site "Eretria GRE"]
[Date "2011.07.04"]
[Round "3.2"]
[White "Themeli, Dimitra"]
[Black "Papadopoulou, Vera"]
[Result "0-1"]
[BlackTitle "WIM"]
[WhiteElo "1684"]
[BlackElo "2210"]
[WhiteTeam "E.O.A.O. Fysiolatris Nikaia"]
[BlackTeam "SS Peristeri"]
[WhiteFideId "4227689"]
[BlackFideId "4205472"]
[EventDate "2011.07.03"]

1. c4 Nf6 2. g3 g6 3. Bg2 Bg7 4. Nc3 d6 5. d3 O-O 6. e4 c5 7. Nge2 Nc6 8. O-O a6
9. d4 cxd4 10. Nxd4 Ng4 11. Nce2 Nxd4 12. Nxd4 Qb6 13. Nb3 Qc7 14. Qe2 Ne5 15.
Nd2 Be6 16. Rb1 Nxc4 17. b3 Nxd2 18. Bxd2 Rac8 19. Rbc1 Qd7 20. Rfd1 Rxc1 21.
Bxc1 Rc8 22. Bf4 Rc5 23. e5 d5 24. Qd3 Qc7 25. b4 Rc3 26. Qd4 Rc4 27. Qb2 Qb6
28. a3 d4 29. Qe2 Rc7 30. Bc1 Bb3 31. Re1 e6 32. Qd3 Bc2 33. Qd2 d3 34. Bb2 h5
35. Rc1 Kh7 36. Kf1 a5 37. Be4 Qb5 38. Kg2 Rd7 39. Bc3 axb4 40. axb4 Bxe5 41.
Bxe5 Qxe5 42. Re1 Qd4 43. Bf3 Rc7 44. Bd1 e5 45. h4 Bxd1 46. Rxd1 Rc2 47. Qe1 e4
48. Kf1 Re2 0-1

[Event "39th TCh-GRE"]
[Site "Eretria GRE"]
[Date "2011.07.04"]
[Round "3.2"]
[White "Kokossis, Danae"]
[Black "Hristodoulaki, Antonia"]
[Result "1/2-1/2"]
[WhiteElo "1768"]
[BlackElo "1921"]
[WhiteTeam "SS Peristeri"]
[BlackTeam "E.O.A.O. Fysiolatris Nikaia"]
[WhiteFideId "410128"]
[BlackFideId "4214935"]
[EventDate "2011.07.03"]

1. e4 c5 2. Nf3 Nc6 3. d4 cxd4 4. Nxd4 g6 5. c4 Bg7 6. Nc2 Nf6 7. Nc3 O-O 8. Be2
d6 9. O-O Nd7 10. Bd2 a5 11. Qc1 Nc5 12. Bh6 a4 13. Bxg7 Kxg7 14. Rd1 Be6 15.
Ne3 Qa5 16. f4 Bd7 17. g4 Ne6 18. Ned5 Ned4 19. f5 Nxe2+ 20. Nxe2 Qc5+ 21. Kg2
Rae8 22. Rf1 f6 23. Nef4 Ne5 24. h3 Qxc4 25. Qxc4 Nxc4 26. Rfc1 b5 27. Nc7 Bc6
28. Nfe6+ Kf7 29. Re1 Nxb2 30. Nxe8 Rxe8 31. Nd4 Bd7 32. Rab1 a3 33. Rec1 gxf5
34. gxf5 Rg8+ 35. Kf3 Nc4 36. Rc2 Ne5+ 37. Kf4 Nd3+ 38. Kf3 Ne5+ 39. Kf4 Nd3+ 1/2-1/2

[Event "39th TCh-GRE"]
[Site "Eretria GRE"]
[Date "2011.07.04"]
[Round "3.2"]
[White "Drakaki, Anna-Maria"]
[Black "Fragkou, Eleni"]
[Result "1-0"]
[WhiteElo "1742"]
[BlackElo "1864"]
[WhiteTeam "E.O.A.O. Fysiolatris Nikaia"]
[BlackTeam "SS Peristeri"]
[WhiteFideId "4225210"]
[BlackFideId "4221150"]
[EventDate "2011.07.03"]

1. e4 c5 2. Nf3 e6 3. d4 cxd4 4. Nxd4 a6 5. Nc3 Qc7 6. Bd3 Nf6 7. O-O Bc5 8. Nb3
Be7 9. Be3 d6 10. a4 b6 11. f4 Nbd7 12. Qe2 Bb7 13. Rae1 O-O 14. g4 Nc5 15. Bd4
Nfd7 16. Rf3 Nxd3 17. cxd3 e5 18. Be3 exf4 19. Bxf4 Ne5 20. Rh3 Qd7 21. Bxe5
dxe5 22. Nd2 Bc8 23. Qg2 Bb4 24. Nd5 Qxa4 25. Kh1 Rb8 26. Nc4 Bc5 27. Nxe5 Be6
28. Nf4 Bb3 29. g5 Bd4 30. Nf3 Qb4 31. Rf1 Be3 32. Nh5 Bd4 33. Nxd4 Rfc8 34. Nf5
Rc2 35. Qf3 Rbc8 36. Nfxg7 Qd4 37. Nf5 1-0

[Event "39th TCh-GRE"]
[Site "Eretria GRE"]
[Date "2011.07.04"]
[Round "3.2"]
[White "Stathopoulos, Ioannis"]
[Black "Michelakos, Panagiotis"]
[Result "1-0"]
[WhiteElo "2122"]
[BlackElo "2111"]
[WhiteTeam "SS Peristeri"]
[BlackTeam "E.O.A.O. Fysiolatris Nikaia"]
[WhiteFideId "4223098"]
[BlackFideId "4216067"]
[EventDate "2011.07.03"]

1. d4 Nf6 2. c4 e6 3. Nf3 b6 4. g3 Bb7 5. Bg2 Be7 6. Nc3 O-O 7. Bf4 Ne4 8. Qc2
f5 9. Ne5 Nd6 10. f3 Bf6 11. O-O-O Bxe5 12. dxe5 Nxc4 13. Nb5 Ba6 14. Qxc4 c6
15. Qxe6+ dxe6 16. Rxd8 Rxd8 17. Nc7 Bb7 18. e4 g6 19. exf5 gxf5 20. g4 fxg4 21.
fxg4 Na6 22. Nxa8 Bxa8 23. Bg5 Rd4 24. Bh6 Rd8 25. Bg5 Rd4 26. Rf1 Rd7 27. Be4
Nc5 28. Bh6 Rd8 29. Bc2 Bb7 30. Rf6 Re8 31. g5 Ba6 32. g6 hxg6 33. Rxg6+ Kh8 34.
Bg7+ Kg8 35. Bf6+ Kf8 36. Rh6 Bd3 37. b4 Bxc2 38. Kxc2 Ne4 39. Rh8+ Kf7 40. Rxe8
Kxe8 41. Bh4 1-0

[Event "39th TCh-GRE"]
[Site "Eretria GRE"]
[Date "2011.07.04"]
[Round "3.2"]
[White "Papadopoulos, Asterios"]
[Black "Tsiros, Fragkiskos Vlasios"]
[Result "0-1"]
[WhiteElo "1578"]
[BlackElo "1730"]
[WhiteTeam "E.O.A.O. Fysiolatris Nikaia"]
[BlackTeam "SS Peristeri"]
[WhiteFideId "4227875"]
[BlackFideId "4228200"]
[EventDate "2011.07.03"]

1. e4 c5 2. b3 Nc6 3. Nf3 e5 4. Bb2 d6 5. Bb5 Nf6 6. Nc3 a6 7. Bxc6+ bxc6 8. O-O
Be7 9. d3 Bg4 10. h3 Bh5 11. Nb1 O-O 12. Nbd2 Nd7 13. Qe1 Re8 14. c4 Nf8 15. a3
Rb8 16. Qd1 Ne6 17. Qc2 Qb6 18. Nh2 Be2 19. g3 Bxf1 20. Rxf1 Bg5 21. Nhf3 Bh6
22. Rb1 Bxd2 23. Nxd2 a5 24. a4 Nd4 25. Bxd4 exd4 26. f4 Rb7 27. g4 Qb4 28. Kf2
Reb8 29. Ke2 Qc3 30. Kd1 g6 31. f5 gxf5 32. gxf5 f6 33. h4 Rg7 34. Qxc3 dxc3 35.
Nf3 Rg2 36. Ne1 Rb2 37. Rxb2 cxb2 38. Kc2 Rxb3 39. Kb1 Kg7 40. Nc2 Rxd3 41. Kxb2
Rd2 42. Kc3 Rh2 0-1

[Event "39th TCh-GRE"]
[Site "Eretria GRE"]
[Date "2011.07.04"]
[Round "3.3"]
[White "Ragger, Markus"]
[Black "Papaioannou, Ioannis"]
[Result "1-0"]
[WhiteTitle "GM"]
[BlackTitle "GM"]
[WhiteElo "2651"]
[BlackElo "2592"]
[WhiteTeam "HRC Korydallos"]
[BlackTeam "CC Kavala"]
[WhiteFideId "1610856"]
[BlackFideId "4201345"]
[EventDate "2011.07.03"]

1. d4 Nf6 2. c4 g6 3. Nc3 Bg7 4. e4 d6 5. Nf3 O-O 6. Be2 e5 7. O-O Nc6 8. d5 Ne7
9. Ne1 Nd7 10. Nd3 f5 11. f3 Nf6 12. Bd2 f4 13. c5 g5 14. Rc1 Ng6 15. Nb5 Rf7
16. Ba5 b6 17. cxd6 cxd6 18. Be1 g4 19. fxg4 Nxe4 20. Nb4 a6 21. Bf3 Ng5 22. Nc3
Bb7 23. Ne4 Nxe4 24. Bxe4 Bh6 25. Rc3 Qg5 26. h4 Nxh4 27. Rh3 f3 28. Rxh4 Qe3+
29. Rf2 Rc8 30. Nc6 Qxe4 31. Rxh6 Bxc6 32. dxc6 Rxc6 33. gxf3 Qf4 34. Bd2 Qd4
35. Qb3 1-0

[Event "39th TCh-GRE"]
[Site "Eretria GRE"]
[Date "2011.07.04"]
[Round "3.3"]
[White "Antic, Dejan"]
[Black "Antoniewski, Rafal"]
[Result "1/2-1/2"]
[WhiteTitle "GM"]
[BlackTitle "GM"]
[WhiteElo "2487"]
[BlackElo "2586"]
[WhiteTeam "CC Kavala"]
[BlackTeam "HRC Korydallos"]
[WhiteFideId "901008"]
[BlackFideId "1111078"]
[EventDate "2011.07.03"]

1. d4 d6 2. Nf3 g6 3. c4 Bg7 4. Nc3 Nc6 5. d5 Ne5 6. Nxe5 Bxe5 7. e4 Nf6 8. Bd3
O-O 9. O-O c6 10. h3 e6 11. Bh6 Re8 12. Qd2 exd5 13. exd5 cxd5 14. cxd5 Bd7 15.
Rfe1 Qb6 16. Bg5 Bd4 17. Bb5 Bxb5 18. Nxb5 Be5 19. a4 a6 20. Be3 Qd8 21. Nc3 Nd7
22. Bd4 Bxd4 23. Qxd4 Qf6 24. Qxf6 Nxf6 25. Kf1 Kf8 26. Rad1 Rxe1+ 27. Kxe1 Re8+
28. Kd2 Ne4+ 29. Kc2 Nxc3 30. bxc3 Re4 31. Rb1 Rxa4 32. Rxb7 1/2-1/2

[Event "39th TCh-GRE"]
[Site "Eretria GRE"]
[Date "2011.07.04"]
[Round "3.3"]
[White "Hristodoulou, Panagiotis"]
[Black "Skembris, Spyridon"]
[Result "0-1"]
[BlackTitle "GM"]
[WhiteElo "2174"]
[BlackElo "2475"]
[WhiteTeam "HRC Korydallos"]
[BlackTeam "CC Kavala"]
[WhiteFideId "4214340"]
[BlackFideId "4200020"]
[EventDate "2011.07.03"]

1. e4 e5 2. Nf3 Nc6 3. Bb5 a6 4. Ba4 Nf6 5. Qe2 d6 6. c3 Be7 7. O-O O-O 8. d4
Bd7 9. d5 Nb8 10. Bxd7 Nbxd7 11. c4 c5 12. dxc6 bxc6 13. Nc3 Nc5 14. Rd1 Qc7 15.
b4 Ne6 16. Be3 g6 17. Rac1 Qb8 18. Rb1 Re8 19. a4 Qc8 20. Rdc1 Nh5 21. b5 Bf6
22. Qd1 Rd8 23. bxc6 Qxc6 24. Nd5 Kg7 25. Rb6 Qc8 26. Nxf6 Nxf6 27. Rxd6 Nxe4
28. Rxd8 Qxd8 29. Nxe5 Qxd1+ 30. Rxd1 N4c5 31. a5 Rc8 32. g3 Kf6 33. Nd7+ Nxd7
34. Rxd7 Rxc4 35. Rd6 Ke5 36. Rxa6 f5 37. Kg2 g5 38. Ra8 f4 39. gxf4+ gxf4 40.
Bb6 Rb4 41. Rh8 Kf5 42. h3 Kg6 43. Kf3 Ra4 44. Ke2 Ra3 45. Kd2 Ng5 46. Ra8 Ne4+
47. Kc2 Rc3+ 48. Kb2 Rc6 49. Kb3 Nd6 50. Rb8 Kf5 51. Kb4 Rc4+ 52. Ka3 Rc6 53.
Kb4 Rc4+ 54. Kb3 Rc6 55. Bd4 Ke4 56. Rb6 Nc4 57. Rxc6 Nxa5+ 58. Kc3 Nxc6 59. Bb6
Ne5 60. Bc7 Nf3 61. Bd6 h5 62. Kc2 Ng1 63. h4 Nh3 64. Kd2 Kf3 65. Ke1 Nxf2 66.
Kf1 Ne4 67. Bc7 Ng3+ 68. Kg1 Nf5 69. Kf1 Nxh4 70. Bb8 Nf5 71. Bc7 Ne3+ 72. Kg1
Ng4 73. Kf1 h4 74. Bd6 h3 75. Kg1 Ke3 76. Bc7 f3 77. Bb6+ Ke2 78. Kh1 Ne3 0-1

[Event "39th TCh-GRE"]
[Site "Eretria GRE"]
[Date "2011.07.04"]
[Round "3.3"]
[White "Botsari, Anna-Maria"]
[Black "Ikonomopoulou, Maria"]
[Result "0-1"]
[WhiteTitle "WGM"]
[BlackTitle "WFM"]
[WhiteElo "2326"]
[BlackElo "2102"]
[WhiteTeam "CC Kavala"]
[BlackTeam "HRC Korydallos"]
[WhiteFideId "4200446"]
[BlackFideId "4209958"]
[EventDate "2011.07.03"]

1. d4 d5 2. c4 e6 3. Nf3 c6 4. e3 Nf6 5. Nc3 Nbd7 6. Bd3 dxc4 7. Bxc4 b5 8. Bd3
a6 9. O-O c5 10. Qe2 Bb7 11. a3 Bd6 12. Rd1 Qb8 13. h3 O-O 14. Bd2 Rd8 15. Rac1
Qa7 16. Be1 Rac8 17. Bc2 Qa8 18. dxc5 Nxc5 19. b4 Nce4 20. Nxe4 Bxe4 21. Bxe4
Nxe4 22. Nd4 Be7 23. Qa2 Bf6 24. Nb3 Rxc1 25. Rxc1 Qd5 26. Qc2 g6 27. f3 Nd6 28.
e4 Qg5 29. Bd2 Qg3 30. Be1 Qf4 31. Qe2 Nc4 32. g3 Qh6 33. Kg2 Rc8 34. Bd2 Qg7
35. Na5 Bb2 36. Rc2 Qd4 37. Bh6 Bxa3 38. Nxc4 bxc4 39. Rd2 Qb6 40. Ra2 Qxb4 41.
Qe3 c3 42. Rxa3 Qxa3 43. Qd4 Qa2+ 44. Kg1 e5 45. Qxe5 f6 46. Qxf6 Qf7 47. Qxa6
Rb8 48. Qd3 Qb3 49. Bc1 c2 50. Qd2 Qxf3 51. Qxc2 Qxg3+ 52. Kh1 Qxh3+ 53. Kg1
Qg3+ 54. Kh1 Qf3+ 55. Kg1 Rf8 56. Qc4+ Qf7 57. Qe2 Qa7+ 58. Be3 Qc7 59. Qa2+ Qf7
60. Qe2 Re8 61. Bd4 Qd5 62. Bf2 Qxe4 63. Qa2+ Qe6 64. Qa4 Rf8 65. Qd4 Qf7 66.
Bg3 h5 67. Kh2 Re8 68. Qd3 Qe6 69. Bf2 Kh7 70. Kg1 Qe2 71. Qd7+ Re7 72. Qd6 Rf7 0-1

[Event "39th TCh-GRE"]
[Site "Eretria GRE"]
[Date "2011.07.04"]
[Round "3.3"]
[White "Selianiti, Eleana"]
[Black "Vatkali, Dimitra"]
[Result "0-1"]
[WhiteElo "1678"]
[BlackElo "1929"]
[WhiteTeam "HRC Korydallos"]
[BlackTeam "CC Kavala"]
[WhiteFideId "4235860"]
[BlackFideId "4200705"]
[EventDate "2011.07.03"]

1. e4 c6 2. d4 d5 3. exd5 cxd5 4. Bd3 Nc6 5. c3 Qc7 6. h3 e6 7. Nf3 Bd6 8. O-O
Nge7 9. Re1 Ng6 10. Nbd2 Nf4 11. Nf1 Nxd3 12. Qxd3 f6 13. Ne3 O-O 14. Ng4 Bd7
15. Nh4 Ne7 16. g3 e5 17. dxe5 fxe5 18. Bg5 e4 19. Qe3 Bc5 20. Bf4 Qb6 21. Qd2
Bxg4 22. hxg4 g5 23. Be3 Bxe3 24. Qxe3 Qxe3 25. Rxe3 gxh4 26. gxh4 Ng6 27. Rd1
Rad8 28. c4 Rf4 29. Rxd5 Rxd5 30. cxd5 Rxg4+ 31. Kf1 Rxh4 32. d6 Kf7 33. Rc3 Ke6
34. Rc7 Kxd6 35. Rxb7 Nf4 36. Ke1 a5 37. Rb5 Rh5 38. Rb3 Kd5 39. f3 e3 40. Kd1
Rh1+ 41. Kc2 e2 0-1

[Event "39th TCh-GRE"]
[Site "Eretria GRE"]
[Date "2011.07.04"]
[Round "3.3"]
[White "Serefidou, Despina"]
[Black "Pramateftaki, Aspasia"]
[Result "1-0"]
[WhiteElo "1705"]
[BlackElo "1360"]
[WhiteTeam "CC Kavala"]
[BlackTeam "HRC Korydallos"]
[WhiteFideId "4218787"]
[BlackFideId "4219295"]
[EventDate "2011.07.03"]

1. e4 c5 2. Nf3 g6 3. d4 cxd4 4. Qxd4 Nf6 5. e5 Nc6 6. Qa4 Nd5 7. Qe4 Nb6 8. Nc3
d5 9. exd6 Qxd6 10. Nb5 Qb4+ 11. Qxb4 Nxb4 12. Nc7+ Kd8 13. Nxa8 Nxc2+ 14. Kd1
Nxa1 15. Nxb6 axb6 16. Be3 Kc7 17. Bd4 f6 18. b3 Nxb3 19. axb3 Be6 20. Kc2 Bf5+
21. Bd3 Bxd3+ 22. Kxd3 Kc6 23. Rc1+ Kb5 24. Rc8 Bg7 25. Rc7 Rd8 26. Rxe7 Bf8 27.
Rxh7 Ka6 28. Rf7 f5 29. Rf6 g5 30. Rxf5 g4 31. Ng5 Bc5 32. Ne6 1-0